Top 10 Most Famous Punjabi Singers - Statistics

General Stats
  • This quiz has been taken 187 times
  • The average score is 5 of 10
Answer Stats
Hint Answer % Correct
Case Diljit Dosanjh
88%
Love Sick Sidhu Moose Wala
78%
Desi Kalakaar Yo Yo Honey Singh
55%
Backbone Hardy Sandhu
42%
Combination Amrit Maan
39%
Shoot da Order Jass Manak
37%
Moon Rise Guru Randhawa
33%
Flower Gippy Grewal
31%
Pagal Shayar Babbu Maan
30%
Attt Karti Jassi Gill
23%
No matching quizzes found
Score Distribution
Percent of People with Each Score
Percentile by Number Answered
Your Score History
You have not taken this quiz